טוען...
Introduction to general and applied entomology
| Main Authors: | , |
|---|---|
| פורמט: | Printed Book |
| שפה: | Undetermined |
| יצא לאור: |
Daya publishing house
2012
New Delhi |
| נושאים: |
| LEADER | 00746nam a2200253Ia 4500 | ||
|---|---|---|---|
| 008 | 141122s9999 xx 000 0 und d | ||
| 020 | |a 9788170357728 | ||
| 040 | |c . | ||
| 041 | |a English | ||
| 082 | |a 595.7 | ||
| 082 | |b ABH/IN | ||
| 100 | |a Saxena Sushil kumar | ||
| 100 | |a Shukla Abhishek | ||
| 245 | |a Introduction to general and applied entomology | ||
| 245 | |c Shukla Abhishek | ||
| 260 | |b Daya publishing house | ||
| 260 | |b New Delhi | ||
| 260 | |c 2012 | ||
| 300 | |a 457 Pages | ||
| 365 | |a Rs.1900/- | ||
| 650 | |a Entomology | ||
| 942 | |c BK | ||
| 999 | |c 5007 |d 5007 | ||
| 952 | |0 0 |1 0 |4 0 |6 595_700000000000000_ABHIN |7 0 |9 4965 |a COVAS |b COVAS |d 0000-00-00 |g 1900.00 |l 5 |m 3 |o 595.7 ABH/IN |p 20795 |r 2017-07-03 |s 2017-06-13 |w 2014-11-26 |y BK | ||